<?xml version="1.0" encoding="UTF-8"?>
<record
    xmlns:xsi="http://www.w3.org/2001/XMLSchema-instance"
    xsi:schemaLocation="http://www.loc.gov/MARC21/slim http://www.loc.gov/standards/marcxml/schema/MARC21slim.xsd"
    xmlns="http://www.loc.gov/MARC21/slim">

  <leader>00890naa a22001817i 4500</leader>
  <controlfield tag="003">KOSZ 005</controlfield>
  <controlfield tag="005">20180430125449.0</controlfield>
  <controlfield tag="008">160308s2010        ||||| ||||0|| 0 pol  </controlfield>
  <datafield tag="035" ind1=" " ind2=" ">
    <subfield code="a">PBN-R:249475</subfield>
  </datafield>
  <datafield tag="040" ind1=" " ind2=" ">
    <subfield code="c">KOSZ 005/md</subfield>
    <subfield code="a">PBN-ID</subfield>
  </datafield>
  <datafield tag="041" ind1="0" ind2=" ">
    <subfield code="a">pol</subfield>
  </datafield>
  <datafield tag="100" ind1=" " ind2=" ">
    <subfield code="a">SZPARAGA, Agnieszka.</subfield>
    <subfield code="d">2008 - .</subfield>
    <subfield code="b">Politechnika Koszali&#x144;ska - Wydzia&#x142; Mechaniczny,</subfield>
    <subfield code="c">Katedra Biochemii i Biotechnologii</subfield>
  </datafield>
  <datafield tag="245" ind1="1" ind2="0">
    <subfield code="a">Zmiany ilo&#x15B;ciowe i jako&#x15B;ciowe w bulwach ziemniaka w czasie przechowywania /</subfield>
    <subfield code="c">Agnieszka Plawgo, Kazimiera Zg&#xF3;rska.</subfield>
  </datafield>
  <datafield tag="260" ind1=" " ind2=" ">
    <subfield code="c">2010.</subfield>
  </datafield>
  <datafield tag="700" ind1=" " ind2=" ">
    <subfield code="a">ZG&#xD3;RSKA, Kazimiera Ewa.</subfield>
    <subfield code="b">Politechnika Koszali&#x144;ska - Wydzia&#x142; Mechaniczny,</subfield>
    <subfield code="c">Katedra Biochemii i Biotechnologii</subfield>
    <subfield code="d">1997 - .</subfield>
  </datafield>
  <datafield tag="773" ind1="0" ind2="8">
    <subfield code="i">W:</subfield>
    <subfield code="t">Materia&#x142;y V Konferencji Student&#xF3;w i M&#x142;odych Pracownik&#xF3;w Nauki Wydzia&#x142;u Mechanicznego. -</subfield>
    <subfield code="d">Koszalin : Wydawnictwo Uczelniane Politechniki Koszali&#x144;skiej, 2010. -</subfield>
  </datafield>
  <datafield tag="942" ind1=" " ind2=" ">
    <subfield code="c">ROZ</subfield>
    <subfield code="2">UKD</subfield>
  </datafield>
  <datafield tag="999" ind1=" " ind2=" ">
    <subfield code="c">8084</subfield>
    <subfield code="d">8084</subfield>
  </datafield>
</record>
